Escritura cursiva, tipo Palmer. Escribir cursiva, primer grado

Tallennettuna:
Bibliografiset tiedot
Päätekijä: Trejo López, Oliva (Tekijä)
Aineistotyyppi: Kirja
Kieli:espanja
Julkaistu: Ciudad de México Limusa 1987
Ciudad de México Grupo Noriega 1987
Sarja:Qué Fácil!. Educación Primaria
Aiheet:
Tagit: Lisää tagi
Ei tageja, Lisää ensimmäinen tagi!

MARC

LEADER 00000nam a2200000 a 4500
001 UCL0896
003 CL-VaPUC
008 030825e19870000mx |||||||||||||||||spa|d
020 |a 9681826019 
082 0 4 |a 372.634  |b TRE  |2 21 
100 0 |a Trejo López, Oliva  |e author  |9 477638 
245 1 0 |a Escritura cursiva, tipo Palmer. Escribir cursiva, primer grado 
300 |a 119 p 
942 |c BK 
945 |d 20030825 00:00:00  |a cmena 
260 |a Ciudad de México  |b Limusa  |c 1987 
260 |a Ciudad de México  |b Grupo Noriega  |c 1987 
650 0 |a Enseñanza de la escritura  |9 307377 
650 0 |a Métodos de enseñanza  |9 270413 
650 0 |a Educación básica   |9 224933 
583 |a last modification  |c 20171121 10:56:46  |k Rodrigo Vera 
490 0 |a Qué Fácil!. Educación Primaria 
999 |c 304621  |d 304619 
952 |0 0  |1 0  |4 0  |6 372_634000000000000_TRE_1987_1987  |7 0  |8 A  |9 367136  |a BIBEDU  |b BIBEDU  |d 2019-11-21  |i 3932877  |l 1  |m 1  |o 372.634 TRE 1987 1987  |p 3932877  |r 2024-10-15  |s 2024-10-04  |w 2019-11-21  |y BK  |k EPE